000 00215 a2200097 4500
001 45288
100 _aE Ower
245 _aThe measurement of air f
260 _aLondon
_bchapman hall ltd
_c
090 _c28469
_d28469
942 _aNUST-CAE
_cM
_c20523
999 _c280361
_d280361